Собрание сочинений. Т. 5, кн. 2: От рассвета до сумерек (Запись № 13050741)

Подробности
000 -МАРКЕР
контрольное поле 01478nam2a2200265 4500
001 - ИДЕНТИФИКАТОР ЗАПИСИ
контрольное поле RU\NLR\BIBL_A\016327689
005 - ИДЕНТИФИКАТОР ВЕРСИИ
контрольное поле 20230410151918.0
010 ## - МЕЖДУНАРОДНЫЙ СТАНДАРТНЫЙ НОМЕР КНИГИ (ISBN)
Номер (ISBN) 978-5-6046508-5-1
Уточнения т. 5
010 ## - МЕЖДУНАРОДНЫЙ СТАНДАРТНЫЙ НОМЕР КНИГИ (ISBN)
Номер (ISBN) 978-5-89059-491-4
Уточнения т. 5
021 ## - НОМЕР ГОСУДАРСТВЕННОЙ РЕГИСТРАЦИИ
Код страны Российская Федерация
Номер КН-П-23-010991
Номер Листа государственной регистраци КН-П-23-1079
035 ## - ДРУГИЕ СИСТЕМНЫЕ НОМЕРА
Идентификатор записи (NLR Aleph) 016327689
100 ## - ДАННЫЕ ОБЩЕЙ ОБРАБОТКИ
Данные общей обработки 20230329d2023 u y0rusy50 ca
101 0# - ЯЗЫК РЕСУРСА
Язык текста, звукозаписи и т.д. русский
102 ## - СТРАНА ПУБЛИКАЦИИ ИЛИ ПРОИЗВОДСТВА
Страна публикации Российская Федерация
105 ## - ПОЛЕ КОДИРОВАННЫХ ДАННЫХ: ТЕКСТОВЫЕ МАТЕРИАЛЫ, МОНОГРАФИЧЕСКИЕ
Кодированные данные о монографическом текстовом документе ch|z|||000 y
200 1# - ЗАГЛАВИЕ И СВЕДЕНИЯ ОБ ОТВЕТСТВЕННОСТИ
Основное заглавие От рассвета до сумерек
Сведения, относящиеся к заглавию роман
210 ## - ПУБЛИКАЦИЯ, РАСПРОСТРАНЕНИЕ И ДР.
Дата издания, распространения и т.д. 2023
215 ## - ФИЗИЧЕСКАЯ ХАРАКТЕРИСТИКА
Специфическое обозначение материала и объем 300, [2] с.
Другие сведения о физической характеристике ил., портр., факс.
225 1# - СЕРИЯ
Основное заглавие серии Deus conservat omnia
461 #0 - УРОВЕНЬ НАБОРА
Встроенное поле 001RU\NLR\BIBL_A\012746455
-- 2001#$aСобрание сочинений$eв шести томах$fГеоргий Демидов$g[автор-составитель: Валентина Демидова$gответственный редактор: Светлана Пухова]$gГосударственный музей истории российской литературы имени В. И. Даля [и др.]$vТ. 5, кн. 2
-- 700#1$aДемидов$bГ. Г.$gГеоргий Георгиевич$f1908-1987
Системный номер (АБИС) связанной записи 13018352
Автор Демидов, Г. Г. (1908-1987)
Место публикации Москва
Дата публикации 2021
Первые сведения об ответственности Георгий Демидов
Имя издателя, распространителя и т.д. Возвращение
Сведения, относящиеся к заглавию в шести томах
Заглавие Собрание сочинений
ISBN 9785604650806
Номер тома Т. 5, кн. 2
942 ## - ДОПОЛНИТЕЛЬНЫЕ ЭЛЕМЕНТЫ ЗАПИСИ (АБИС)
Тип экземпляра АБИС Книга
980 ## - КОЛЛЕКЦИЯ
Название коллекции Национальная библиография
Экземпляры
Тип экземпляра Дата поступления Источник поступления Библиотека постоянного хранения Библиотека текущего хранения Место хранения Шифр хранения Штрих-код Статус экземпляра
Книга 29.03.2023 Обязательный экземпляр РНБ (Московский) РНБ (Московский) Русский книжный фонд: издания с 1957 года 2022-7/2446 1-4165728  
Книга 29.03.2023 Обязательный экземпляр РНБ (Московский) РНБ (Московский) Русский книжный фонд: издания с 1957 года 2022-7/2446 1-4165724